Largest Cities That Aren't a FLS's Capital - Statistics

General Stats
  • This quiz has been taken 15 times
  • The average score is 13 of 20
Answer Stats
Country Population City % Correct
Nigeria 21,300,000 Lagos
100%
U.S. 17,100,000 Los Angeles
100%
U.S. 21,800,000 New York City
100%
U.S. 9,600,000 Chicago
87%
U.S. 7,800,000 Dallas
80%
U.S. 7,200,000 Houston
80%
China 15,400,000 Xiamen
80%
U.K 6,100,000 Manchester
73%
U.S. 6,300,000 Miami
73%
U.S. 7,500,000 Philadelphia
73%
India 8,000,000 Pune
67%
U.S. 7,500,000 San Francisco
67%
U.S. 5,750,000 Detroit
60%
India 8,050,000 Surat
60%
India 9,900,000 Ahmedabad
53%
China 7,700,000 Qingdao
47%
Pakistan 5,600,000 Rawalpindi
47%
China 8,050,000 Shantou
27%
China 7,600,000 Ningbo
20%
China 7,000,000 Wenzhou
20%
No matching quizzes found
Score Distribution
Percent of People with Each Score
Percentile by Number Answered
Your Score History
You have not taken this quiz